000 00655nam a22001815i 4500
001 160832
003 ES-MaACL
005 20231228063239.0
008 950206s1879 sp |||| | spa d
040 _aCARM
_bspa
_cCCPB | PA2
100 1 _aNúñez de Arce, Gaspar,
_d1834-1903
_9223411
245 1 0 _aObras dramáticas /
_cG. Nuñez de Arce.
260 _aMadrid ; Paris :
_bBiblioteca Perojo,
_c1879 (
_fTipografía Estereotipia Perojo)
300 _aX, 523 p. ;
_c22 cm.
505 8 _aDeudas de la honra ; Quién debe paga ; Justicia providencial ; El haz de leña
852 _aES-MaACL
_jB-1846
_z-- Enc. hol.
999 _c160832
_d160832